Statistiken für Gemeinden im Bodenseekreis

Klicken Sie hier um das Quiz zu spielen!

Allgemein

  • Dieses Quiz wurde 37 mal gespielt
  • Das Durchschnittsergebnis liegt bei 11 aus 23

Antwortstatistiken

% Korrekt
Friedrichshafen
93%
Meersburg
83%
Überlingen
79%
Kressbronn
62%
Salem
62%
Uhldingen-Mühlhofen
62%
Immenstaad
59%
Tettnang
55%
Hagnau
52%
Langenargen
52%
Meckenbeuren
52%
Eriskirch
48%
Markdorf
45%
Sipplingen
41%
Stetten
41%
Neukirch
38%
Deggenhausertal
34%
Heiligenberg
34%
Owingen
34%
Bermatingen
31%
Oberteuringen
31%
Daisendorf
28%
Frickingen
24%

Verteilung der Resultate

Perzentil nach korrekt beantworteten Fragen

Anzahl Personen mit jedem Resultat

Ihre Resultats-Entwicklung

Sie haben dieses Quiz noch nicht gespielt